Name That Capital - Statistics

General Stats
  • This quiz has been taken 102 times
    27 since last reset
  • The average score is 8 of 10
Answer Stats
Hint Answer % Correct
Big Ben London
100%
Eiffel Tower Paris
100%
Colosseum Rome
100%
White House Washington D.C.
100%
Birthplace of Democracy Athens
96%
Petronas Towers Kuala Lumpur
79%
Most Populated Tokyo
75%
Moldova Chisinau
71%
East Timor Dili
67%
Least Populated Ngerulmud
25%
No matching quizzes found
Score Distribution
Percent of People with Each Score
Percentile by Number Answered
Your Score History
You have not taken this quiz since the last reset